=LDR 00000nam 2200000 4500 =001 INLIS000000000030596 =005 20201014071322 =035 ##$$a 0010-061300000030596 =008 201014################g##########0#ind## =041 ##$$a Ind =082 ##$$a 320 =090 ##$$a 320, Dea s =100 1#$$a Deannova, Alfitno =245 1#$$a Selebriti mendadak politisi : $b Studi atas pragmatisme kaum selebriti dari panggung hiburan menuju panggung politik /$c Alfito Deannova =260 ##$$a Yogyakarta :$b Arti Bumi Intaran,$c 2008 =300 ##$$a xxii, 205 hlm. ; $c 14x21 cm. =650 #4$$a Politik, ilmu =850 ##$$a NBPNMAT =020 ##$$a 978-979-15836-7-1 =084 ##$$a 320 DEA s =504 ##$$a Bibliografi : hlm. 193 - 199 =990 ##$$a 20900363 =990 ##$$a 20900361 =990 ##$$a 20900362 =990 ##$$a 20900364